000 nam a22 a 4500
999 _c730
_d730
003 AKMAL
005 20170505085730.0
008 170505s20091982enk e 001 0 eng d
020 _a0860371573 (pbk.)
020 _a9780860371571 (pbk.)
020 _a9789675068119 (pbk.) :
_cRM35.00
039 9 _a201408311237
_bmanoriah_oclc
_c201107181034
_dmarsila
_c201012151415
_djalil
_c200906151612
_david2
040 _aAKMAL
_cAKMAL
049 _aklpmal
082 0 4 _a297 MAW
_222
090 0 0 _a297
_bMAW
090 2 0 _a297
_bMAW
100 1 _aMaududi, Sayyid Abul 'Ala,
_cMaulana,
_d1903-1979
_91567
245 1 0 _aLet us be Muslims /
_cSayyid Abul A'la Mawdudi ; edited by Khurram Murad
260 _aLondon :
_bThe Islamic Foundation,
_c2009, c1982
300 _a311p. ;
_c21cm.
500 _aIncludes index
650 1 0 _aIslam
_9922
700 0 _aKhurram Murad
_91568
710 2 _aIslamic Foundation
_91569
942 _2ddc
_cBOOK